GENETIC DIVERSITY OF ORIENTAL BEECH (FAGUS ORIENTALIS LIPSKY) FORESTS OVER THE HYRCANIAN ZONE

Bibliographic Details
Main Authors: Gömöry, Dušan (Author), Khosro, Sagheb-Talebi (Author), Paule, Ladislav, 1947- (Author), Parvin Salehi Shanjani (Author), R. A. Khavari-Nejad (Author)
Format: Article
Language:English

MARC

LEADER 00000nab a2200000uu 4500
001 vtls011540030
003 SK-MaSNL
005 20260303140625.0
008 230218|2002 xo |||||||||||||||||eng|
015 |a SNBRB 
035 |a (urnnbn)urn:nbn:sk:snk:ar-a09qto 
035 |a (uuid)4b4b419b-9697-4229-a518-58b16b27790c 
035 |a urn:nbn:sk:snk-abeyd5 
040 |a SNKBUCL  |b slo  |c SNKBUCL  |e AACR2 
041 0 |a eng 
044 |a xo  |c SK 
100 1 |a Gömöry, Dušan  |4 aut  |9 9060 
245 1 0 |a GENETIC DIVERSITY OF ORIENTAL BEECH (FAGUS ORIENTALIS LIPSKY) FORESTS OVER THE HYRCANIAN ZONE  |c Dušan Gömöry, Khosro Sagheb-Talebi, Ladislav Paule, Parvin Salehi Shanjani, R. A. Khavari-Nejad 
700 1 |a Khosro, Sagheb-Talebi  |4 aut  |9 1159206 
700 1 |a Paule, Ladislav,  |d 1947-  |4 aut  |9 243789 
700 1 |a Parvin Salehi Shanjani  |4 aut  |9 1159207 
700 1 |a R. A. Khavari-Nejad  |4 aut  |9 1159208 
773 0 |t Forest Genetics : international journal of forest genetics  |g Roč. 9, č. 4 (2002), s. 297-308 
958 |a OND 
958 |a EUIPO 
958 |a article22 
999 |c 1972541  |d 1974471